000 00321pam a2200133 a 4500
020 _c
041 _h
082 _a708
_bBOD
100 _aAtul Dodiya .
245 _aMalevich matters & Others Structurs
_hTextual Documents
260 _a[s.l]:
_bVadhera Art Gallery,
_c2010.
300 _a90:
_bPAPER.
930 _a7051
999 _c240841
_d240841